| 000 -LEADER |
| fixed length control field |
01032nam a22002537a 4500 |
| 001 - CONTROL NUMBER |
| control field |
14209 |
| 003 - CONTROL NUMBER IDENTIFIER |
| control field |
BD-DhUAP |
| 005 - DATE AND TIME OF LATEST TRANSACTION |
| control field |
20200209104117.0 |
| 008 - FIXED-LENGTH DATA ELEMENTS--GENERAL INFORMATION |
| fixed length control field |
200209s2005 ii b 001 0 eng d |
| 040 ## - CATALOGING SOURCE |
| Original cataloging agency |
HVL |
| Transcribing agency |
HVL |
| Language of cataloging |
Eng |
| Modifying agency |
BD-DhUAP |
| 082 00 - DEWEY DECIMAL CLASSIFICATION NUMBER |
| Edition number |
23 |
| Classification number |
345.5405 JHA |
| 100 ## - MAIN ENTRY--PERSONAL NAME |
| Personal name |
Jhabvala, Noshirvan H. |
| 245 14 - TITLE STATEMENT |
| Title |
The code of criminal procedure,1973 (Act 2 of 1974) : |
| Remainder of title |
as amended by the Code of Criminal Procedure (amendment) Act, 2005 & the Criminal Law (Amendment) Act, 2005 / |
| Statement of responsibility, etc. |
Noshirvan H. Jhabvala ; edited and revised by H. D. Pithawalla. |
| 250 ## - EDITION STATEMENT |
| Edition statement |
22th rev. ed. |
| 260 ## - PUBLICATION, DISTRIBUTION, ETC. |
| Place of publication, distribution, etc. |
Bombay : |
| Name of publisher, distributor, etc. |
C. Jamnadas & co. |
| Date of publication, distribution, etc. |
2005. |
| 300 ## - PHYSICAL DESCRIPTION |
| Extent |
263 pages : |
| Other physical details |
illustrations ; |
| Dimensions |
24 cm. |
| 500 ## - GENERAL NOTE |
| General note |
"Contains the text of the act with notes, comments, etc., as amended, and brought uptodate and an analytical abstract of the whole code." |
| 504 ## - BIBLIOGRAPHY, ETC. NOTE |
| Bibliography, etc. note |
Includes index. |
| 650 #0 - SUBJECT ADDED ENTRY--TOPICAL TERM |
| Topical term or geographic name entry element |
Criminal Procedure |
| Geographic subdivision |
India. |
| 700 1# - ADDED ENTRY--PERSONAL NAME |
| Personal name |
Pithawalla, H. D. |
| 942 00 - ADDED ENTRY ELEMENTS (KOHA) |
| Source of classification or shelving scheme |
|
| Koha item type |
Book |